| 000 | 00523nam a2200193 a 4500 | ||
|---|---|---|---|
| 005 | 20210223131809.0 | ||
| 008 | 120809s2009 mx r 000 0 spa d | ||
| 020 | _a9788421662939 | ||
| 035 | _aUPN01000186071 | ||
| 049 | _aCG | ||
| 050 | 4 |
_aPQ6658 E7.7 _bLL6.7 |
|
| 100 | 1 |
_aHerraiz, Santiago, _d1963- _932658 |
|
| 245 | 1 | 0 |
_aLlora Jerusalén / _cSantiago Herraiz. |
| 260 |
_aMadrid : _bBruño, _cc2009. |
||
| 300 | _a170 p. | ||
| 440 | 0 |
_aParalelo cero ; _v62 |
|
| 651 | 4 |
_aJERUSALEN - _vNOVELA _921301 |
|
| 905 | _aLibro | ||
| 999 |
_c158174 _d158174 |
||